00586 2200205 4500001002100000005001500021035002000036007000300056008004100059020001800100082001200118084001800130100001400148245010500162250001000267260003300277300002500310650003700335990000800372INLIS00000000000061920171011104134 a0010-1017000173ta171011 f 0 ind  a979-3762-61-6 a297.323 a297.323 ABU t0 aAbu Hafbi1 aTuntunan Lengkap Zikir dan Doa :bMenuurut Al Qur'an, Al Hadist, dan Prakltik Ulama /cKH. Abu Hafbi aCet.1 aJakarta :bQultummedia,c206 a180hlm ;c13 x 19 cm aDo'a, Zikir, Amalan-amalan Islam a173